[Event "Stay Safe Play From Home 409"]
[Site "Emanuel Lasker Arena"]
[Date "2020.08.25"]
[Round "9"]
[White "Stefanone"]
[Black "Trotsky"]
[Result "1-0"]
[WhiteElo "2076"]
[BlackElo "1592"]
[PlyCount "73"]
[EventDate "2020.08.25"]
[EventType "swiss (blitz)"]

1. d4 {[%emt 0:00:02]} d5 {[%emt 0:00:01]} 2. e3 {[%emt 0:00:00]} e6 {[%emt 0:00:00]} 3. f4 {[%emt 0:00:00]} c5 {[%emt 0:00:01]} 4. Nf3 {[%emt 0:00:00]} Nc6 {[%emt 0:00:01]} 5. c3 {[%emt 0:00:00]} Qc7 {[%emt 0:00:01]} 6. Bd3 {[%emt 0:00:01]} Bd6 {[%emt 0:00:01]} 7. Ne5 {[%emt 0:00:01]} c4 {[%emt 0:00:01]} 8. Bc2 {[%emt 0:00:01]} Nf6 {[%emt 0:00:01]} 9. Qe2 {[%emt 0:00:01]} Nxe5 {[%emt 0:00:04]} 10. fxe5 {[%emt 0:00:01]} Bxe5 {[%emt 0:00:01]} 11. dxe5 {[%emt 0:00:00]} Qxe5 {[%emt 0:00:01]} 12. e4 {[%emt 0:00:01]} Qd6 {[%emt 0:00:02]} 13. g3 {[%emt 0:00:00]} h5 {[%emt 0:00:04]} 14. e5 {[%emt 0:00:01]} Qc5 {[%emt 0:00:08]} 15. Be3 {[%emt 0:00:02]} Qc7 {[%emt 0:00:02]} 16. exf6 {[%emt 0:00:01]} Bd7 {[%emt 0:00:01]} 17. fxg7 {[%emt 0:00:02]} Rg8 {[%emt 0:00:01]} 18. Nd2 {[%emt 0:00:00]} O-O-O {[%emt 0:00:01]} 19. Qxh5 {[%emt 0:00:01]} Rxg7 {[%emt 0:00:01]} 20. Qf3 {[%emt 0:00:01]} Rdg8 {[%emt 0:00:01]} 21. O-O-O {[%emt 0:00:02]} Kb8 {[%emt 0:00:01]} 22. Bd4 {[%emt 0:00:01]} Rg6 {[%emt 0:00:03]} 23. h4 {[%emt 0:00:01]} Qa5 {[%emt 0:00:01]} 24. b3 {[%emt 0:00:02]} Rc8 {[%emt 0:00:01]} 25. Kb1 {[%emt 0:00:02]} Rgg8 {[%emt 0:00:02]} 26. Qf4+ {[%emt 0:00:01]} Ka8 {[%emt 0:00:01]} 27. h5 {[%emt 0:00:01]} Rc6 {[%emt 0:00:04]} 28. h6 {[%emt 0:00:01]} Rgc8 {[%emt 0:00:01]} 29. b4 {[%emt 0:00:02]} Qa3 {[%emt 0:00:02]} 30. h7 {[%emt 0:00:01]} Ra6 {[%emt 0:00:01]} 31. Nb3 {[%emt 0:00:05]} Qxa2+ {[%emt 0:00:01]} 32. Kc1 {[%emt 0:00:00]} cxb3 {[%emt 0:00:01]} 33. Kd2 {[%emt 0:00:01]} Qxc2+ {[%emt 0:00:01]} 34. Ke3 {[%emt 0:00:00]} b2 {[%emt 0:00:05]} 35. Kf3 {[%emt 0:00:01]} Qxc3+ {[%emt 0:00:01]} 36. Bxc3 {[%emt 0:00:01]} Rxc3+ {[%emt 0:00:01]} 37. Kg4 {[%emt 0:00:00] Âðåìÿ Âðåìÿ Âðåìÿ (Lag: Av=0.24s, max=0.9s) (Lag: Av=0.24s, max=0.9s) (Lag: Av=0.24s, max=0.9s)} 1-0

[Event "Stay Safe Play From Home 409"]
[Site "Emanuel Lasker Arena"]
[Date "2020.08.25"]
[Round "9"]
[White "Fat Kevin"]
[Black "NTBT_DHS"]
[Result "0-1"]
[WhiteElo "2072"]
[BlackElo "2546"]
[PlyCount "68"]
[EventDate "2020.08.25"]
[EventType "swiss (blitz)"]

1. d4 {[%emt 0:00:01]} g6 {[%emt 0:00:00]} 2. c4 {[%emt 0:00:00]} Bg7 {[%emt 0:00:01]} 3. Nc3 {[%emt 0:00:00]} Nf6 {[%emt 0:00:00]} 4. e4 {[%emt 0:00:00]} O-O {[%emt 0:00:00]} 5. e5 {[%emt 0:00:00]} Ne8 {[%emt 0:00:01]} 6. f4 {[%emt 0:00:00]} d6 {[%emt 0:00:00]} 7. Nf3 {[%emt 0:00:00]} c5 {[%emt 0:00:00]} 8. Be3 {[%emt 0:00:01]} cxd4 {[%emt 0:00:01]} 9. Bxd4 {[%emt 0:00:01]} Nc6 {[%emt 0:00:01]} 10. Be2 {[%emt 0:00:02]} Nxd4 {[%emt 0:00:01]} 11. Qxd4 {[%emt 0:00:00]} Bg4 {[%emt 0:00:02]} 12. O-O-O {[%emt 0:00:02]} Qa5 {[%emt 0:00:02]} 13. Nd5 {[%emt 0:00:07]} dxe5 {[%emt 0:00:02]} 14. fxe5 {[%emt 0:00:07]} Bxf3 {[%emt 0:00:00]} 15. Bxf3 {[%emt 0:00:01]} Kh8 {[%emt 0:00:00]} 16. Rhe1 {[%emt 0:00:02]} Rd8 {[%emt 0:00:03]} 17. Qc3 {[%emt 0:00:04]} Qxa2 {[%emt 0:00:02]} 18. Nxe7 {[%emt 0:00:01]} Rxd1+ {[%emt 0:00:04]} 19. Rxd1 {[%emt 0:00:00]} Nc7 {[%emt 0:00:01]} 20. Nd5 {[%emt 0:00:02]} Ne6 {[%emt 0:00:02]} 21. Nf6 {[%emt 0:00:02]} Nc5 {[%emt 0:00:02]} 22. Bd5 {[%emt 0:00:01]} Qa1+ {[%emt 0:00:04]} 23. Kc2 {[%emt 0:00:01]} Qa4+ {[%emt 0:00:01]} 24. Kc1 {[%emt 0:00:04]} Bh6+ {[%emt 0:00:01]} 25. Kb1 {[%emt 0:00:03]} Qxd1+ {[%emt 0:00:01]} 26. Ka2 {[%emt 0:00:02]} Qa4+ {[%emt 0:00:01]} 27. Kb1 {[%emt 0:00:00]} Qb3 {[%emt 0:00:02]} 28. Qd4 {[%emt 0:00:03]} Nd3 {[%emt 0:00:04]} 29. e6 {[%emt 0:00:01]} Qd1+ {[%emt 0:00:01]} 30. Ka2 {[%emt 0:00:01]} Nc1+ {[%emt 0:00:01]} 31. Kb1 {[%emt 0:00:02]} Qxd4 {[%emt 0:00:01]} 32. e7 {[%emt 0:00:00]} Qxf6 {[%emt 0:00:05]} 33. exf8=Q+ {[%emt 0:00:00]} Bxf8 {[%emt 0:00:00]} 34. Be4 {[%emt 0:00:01]} Bg7 {[%emt 0:00:01] Fat Kevin gibt auf Fat Kevin gibt auf Fat Kevin gibt auf (Lag: Av=0.54s, max=1.6s) (Lag: Av=0.54s, max=1.6s) (Lag: Av=0.54s, max=1.6s)} 0-1

[Event "Stay Safe Play From Home 409"]
[Site "Emanuel Lasker Arena"]
[Date "2020.08.25"]
[Round "9"]
[White "TheCHESSHOUSE"]
[Black "Nguyen Hong Anh"]
[Result "0-1"]
[WhiteElo "2055"]
[BlackElo "2259"]
[PlyCount "110"]
[EventDate "2020.08.25"]
[EventType "swiss (blitz)"]

1. d4 {[%emt 0:00:03]} Nf6 {[%emt 0:00:01]} 2. c4 {[%emt 0:00:00]} g6 {[%emt 0:00:01]} 3. Nc3 {[%emt 0:00:01]} d5 {[%emt 0:00:00]} 4. cxd5 {[%emt 0:00:01]} Nxd5 {[%emt 0:00:00]} 5. g3 {[%emt 0:00:01]} Nxc3 {[%emt 0:00:01]} 6. bxc3 {[%emt 0:00:01]} Bg7 {[%emt 0:00:00]} 7. Bg2 {[%emt 0:00:01]} c5 {[%emt 0:00:00]} 8. Nf3 {[%emt 0:00:01]} O-O {[%emt 0:00:00]} 9. O-O {[%emt 0:00:01]} Nc6 {[%emt 0:00:01]} 10. e3 {[%emt 0:00:03]} Qc7 {[%emt 0:00:01]} 11. a4 {[%emt 0:00:03]} Rd8 {[%emt 0:00:01]} 12. Qb3 {[%emt 0:00:01]} Be6 {[%emt 0:00:01]} 13. Qc2 {[%emt 0:00:03]} Rac8 {[%emt 0:00:03]} 14. Ba3 {[%emt 0:00:01]} cxd4 {[%emt 0:00:01]} 15. cxd4 {[%emt 0:00:01]} Nxd4 {[%emt 0:00:01]} 16. Qxc7 {[%emt 0:00:01]} Nxf3+ {[%emt 0:00:02]} 17. Bxf3 {[%emt 0:00:01]} Rxc7 {[%emt 0:00:01]} 18. Rac1 {[%emt 0:00:01]} Rdc8 {[%emt 0:00:00]} 19. Rxc7 {[%emt 0:00:04]} Rxc7 {[%emt 0:00:00]} 20. Rd1 {[%emt 0:00:01]} Bf6 {[%emt 0:00:02]} 21. Rd8+ {[%emt 0:00:02]} Kg7 {[%emt 0:00:00]} 22. Rb8 {[%emt 0:00:04]} b6 {[%emt 0:00:01]} 23. Kg2 {[%emt 0:00:03]} Bb3 {[%emt 0:00:01]} 24. a5 {[%emt 0:00:01]} Bc4 {[%emt 0:00:04]} 25. axb6 {[%emt 0:00:01]} axb6 {[%emt 0:00:01]} 26. Rxb6 {[%emt 0:00:01]} Ra7 {[%emt 0:00:00]} 27. Bb2 {[%emt 0:00:01]} Bxb2 {[%emt 0:00:02]} 28. Rxb2 {[%emt 0:00:00]} Ra1 {[%emt 0:00:00]} 29. Be2 {[%emt 0:00:02]} Bd5+ {[%emt 0:00:01]} 30. Bf3 {[%emt 0:00:01]} Be6 {[%emt 0:00:00]} 31. h3 {[%emt 0:00:03]} Kf6 {[%emt 0:00:01]} 32. Rd2 {[%emt 0:00:01]} h6 {[%emt 0:00:01]} 33. g4 {[%emt 0:00:00]} g5 {[%emt 0:00:01]} 34. Kg3 {[%emt 0:00:01]} Ra4 {[%emt 0:00:00]} 35. Bg2 {[%emt 0:00:00]} Ra5 {[%emt 0:00:00]} 36. f3 {[%emt 0:00:01]} Kg6 {[%emt 0:00:01]} 37. f4 {[%emt 0:00:00]} gxf4+ {[%emt 0:00:02]} 38. exf4 {[%emt 0:00:00]} Kg7 {[%emt 0:00:00]} 39. Kh2 {[%emt 0:00:00]} f6 {[%emt 0:00:01]} 40. f5 {[%emt 0:00:00]} Bf7 {[%emt 0:00:00]} 41. Re2 {[%emt 0:00:00]} Kf8 {[%emt 0:00:01]} 42. Bf3 {[%emt 0:00:01]} Ra7 {[%emt 0:00:00]} 43. Kg3 {[%emt 0:00:00]} Bc4 {[%emt 0:00:01]} 44. Re3 {[%emt 0:00:01]} Bf7 {[%emt 0:00:01]} 45. h4 {[%emt 0:00:00]} Rc7 {[%emt 0:00:00]} 46. Kf4 {[%emt 0:00:01]} Rc4+ {[%emt 0:00:01]} 47. Re4 {[%emt 0:00:00]} Rc7 {[%emt 0:00:01]} 48. g5 {[%emt 0:00:00]} hxg5+ {[%emt 0:00:00]} 49. hxg5 {[%emt 0:00:00]} fxg5+ {[%emt 0:00:00]} 50. Kxg5 {[%emt 0:00:00]} Bd5 {[%emt 0:00:01]} 51. Rf4 {[%emt 0:00:01]} Bxf3 {[%emt 0:00:01]} 52. Rxf3 {[%emt 0:00:00]} Kf7 {[%emt 0:00:00]} 53. f6 {[%emt 0:00:01]} Rc5+ {[%emt 0:00:01]} 54. Kh6 {[%emt 0:00:02]} exf6 {[%emt 0:00:00]} 55. Rf4 {[%emt 0:00:01]} f5 {[%emt 0:00:01] Time Time Time (Lag: Av=1.33s, max=2.5s) (Lag: Av=1.33s, max=2.5s) (Lag: Av=1.33s, max=2.5s)} 0-1

[Event "Stay Safe Play From Home 409"]
[Site "Emanuel Lasker Arena"]
[Date "2020.08.25"]
[Round "9"]
[White "lazieri3"]
[Black "IceQueen"]
[Result "1-0"]
[WhiteElo "1943"]
[BlackElo "2348"]
[PlyCount "125"]
[EventDate "2020.08.25"]
[EventType "swiss (blitz)"]

1. e4 {[%emt 0:00:02]} c5 {[%emt 0:00:01]} 2. Nc3 {[%emt 0:00:00]} Nc6 {[%emt 0:00:00]} 3. d3 {[%emt 0:00:00]} e6 {[%emt 0:00:01]} 4. Nf3 {[%emt 0:00:00]} Nf6 {[%emt 0:00:00]} 5. Bg5 {[%emt 0:00:01]} Be7 {[%emt 0:00:01]} 6. Be2 {[%emt 0:00:01]} h6 {[%emt 0:00:01]} 7. Bh4 {[%emt 0:00:01]} Rb8 {[%emt 0:00:01]} 8. Bg3 {[%emt 0:00:01]} d6 {[%emt 0:00:01]} 9. e5 {[%emt 0:00:02]} dxe5 {[%emt 0:00:00]} 10. Nxe5 {[%emt 0:00:00]} Nxe5 {[%emt 0:00:00]} 11. Bxe5 {[%emt 0:00:00]} Bd6 {[%emt 0:00:00]} 12. Bxd6 {[%emt 0:00:01]} Qxd6 {[%emt 0:00:00]} 13. Ne4 {[%emt 0:00:01]} Qe5 {[%emt 0:00:02]} 14. O-O {[%emt 0:00:03]} Nxe4 {[%emt 0:00:03]} 15. dxe4 {[%emt 0:00:01]} Qxe4 {[%emt 0:00:00]} 16. Qd6 {[%emt 0:00:02]} Qxe2 {[%emt 0:00:09]} 17. Qxb8 {[%emt 0:00:02]} O-O {[%emt 0:00:00]} 18. Qxa7 {[%emt 0:00:02]} c4 {[%emt 0:00:03]} 19. Qe3 {[%emt 0:00:05]} Qxc2 {[%emt 0:00:01]} 20. b3 {[%emt 0:00:02]} cxb3 {[%emt 0:00:02]} 21. Qxb3 {[%emt 0:00:01]} Qc6 {[%emt 0:00:02]} 22. Rfd1 {[%emt 0:00:01]} Qe4 {[%emt 0:00:00]} 23. Rac1 {[%emt 0:00:02]} b5 {[%emt 0:00:03]} 24. Qxb5 {[%emt 0:00:05]} Bb7 {[%emt 0:00:01]} 25. f3 {[%emt 0:00:01]} Qe3+ {[%emt 0:00:00]} 26. Kh1 {[%emt 0:00:01]} Bd5 {[%emt 0:00:00]} 27. Qd3 {[%emt 0:00:04]} Qg5 {[%emt 0:00:01]} 28. a4 {[%emt 0:00:01]} Ra8 {[%emt 0:00:01]} 29. Ra1 {[%emt 0:00:01]} Ra5 {[%emt 0:00:02]} 30. Qd2 {[%emt 0:00:00]} Qxd2 {[%emt 0:00:04]} 31. Rxd2 {[%emt 0:00:00]} Kf8 {[%emt 0:00:01]} 32. Rb2 {[%emt 0:00:02]} Bc6 {[%emt 0:00:01]} 33. Rba2 {[%emt 0:00:02]} Ke7 {[%emt 0:00:01]} 34. h3 {[%emt 0:00:00]} Kd6 {[%emt 0:00:00]} 35. Kg1 {[%emt 0:00:00]} Kc5 {[%emt 0:00:00]} 36. Kf2 {[%emt 0:00:00]} Kb4 {[%emt 0:00:00]} 37. Rb2+ {[%emt 0:00:01]} Kc3 {[%emt 0:00:02]} 38. Rb6 {[%emt 0:00:02]} Bxa4 {[%emt 0:00:02]} 39. Rb7 {[%emt 0:00:01]} Kc4 {[%emt 0:00:05]} 40. Rxf7 {[%emt 0:00:01]} Kb3 {[%emt 0:00:00]} 41. Rxg7 {[%emt 0:00:01]} Rd5 {[%emt 0:00:02]} 42. Rb7+ {[%emt 0:00:01]} Kc4 {[%emt 0:00:01]} 43. Rxa4+ {[%emt 0:00:01]} Kc5 {[%emt 0:00:00]} 44. Ra5+ {[%emt 0:00:00]} Kd6 {[%emt 0:00:00]} 45. Rxd5+ {[%emt 0:00:00]} exd5 {[%emt 0:00:01]} 46. Rh7 {[%emt 0:00:00]} Ke5 {[%emt 0:00:00]} 47. Rxh6 {[%emt 0:00:00]} d4 {[%emt 0:00:00]} 48. Rh5+ {[%emt 0:00:00]} Kd6 {[%emt 0:00:01]} 49. Ke2 {[%emt 0:00:00]} Ke6 {[%emt 0:00:01]} 50. Kd3 {[%emt 0:00:00]} Kf6 {[%emt 0:00:00]} 51. Rh4 {[%emt 0:00:00]} Kg6 {[%emt 0:00:00]} 52. Rxd4 {[%emt 0:00:00]} Kg7 {[%emt 0:00:00]} 53. Rg4+ {[%emt 0:00:00]} Kf7 {[%emt 0:00:00]} 54. Ke3 {[%emt 0:00:00]} Ke8 {[%emt 0:00:00]} 55. h4 {[%emt 0:00:00]} Kf8 {[%emt 0:00:00]} 56. h5 {[%emt 0:00:00]} Ke7 {[%emt 0:00:00]} 57. h6 {[%emt 0:00:00]} Ke6 {[%emt 0:00:00]} 58. h7 {[%emt 0:00:00]} Ke5 {[%emt 0:00:00]} 59. h8=Q+ {[%emt 0:00:00]} Ke6 {[%emt 0:00:00]} 60. Qh5 {[%emt 0:00:00]} Kd6 {[%emt 0:00:00]} 61. Rg6+ {[%emt 0:00:00]} Kc7 {[%emt 0:00:00]} 62. Qh7+ {[%emt 0:00:00]} Kc8 {[%emt 0:00:00]} 63. Rg8# {[%emt 0:00:00] (Lag: Av=0.49s, max=1.1s) (Lag: Av=0.49s, max=1.1s) (Lag: Av=0.49s, max=1.1s)} 1-0

[Event "Stay Safe Play From Home 409"]
[Site "Emanuel Lasker Arena"]
[Date "2020.08.25"]
[Round "9"]
[White "Ao017545"]
[Black "AChessPlayer"]
[Result "0-1"]
[WhiteElo "1577"]
[BlackElo "2324"]
[Annotator "NA"]
[PlyCount "48"]
[EventDate "2020.08.25"]
[EventType "swiss (blitz)"]

1. e4 {[%emt 0:00:02] AChessPlayer offers a draw} c6 {[%emt 0:00:07]} 2. Nf3 {[%emt 0:00:00]} d5 {[%emt 0:00:00]} 3. exd5 {[%emt 0:00:02]} cxd5 {[%emt 0:00:00]} 4. Nc3 {[%emt 0:00:00]} Nc6 {[%emt 0:00:00]} 5. d4 {[%emt 0:00:00]} Nf6 {[%emt 0:00:00]} 6. Bb5 {[%emt 0:00:01]} Bg4 {[%emt 0:00:00]} 7. Ne5 {[%emt 0:00:00]} Bxd1 {[%emt 0:00:01]} 8. Nxc6 {[%emt 0:00:01]} bxc6 {[%emt 0:00:01]} 9. Bxc6+ {[%emt 0:00:01]} Nd7 {[%emt 0:00:00]} 10. Bxa8 {[%emt 0:00:01]} Qxa8 {[%emt 0:00:02]} 11. Nxd1 {[%emt 0:00:00]} e6 {[%emt 0:00:00]} 12. Be3 {[%emt 0:00:01]} Bd6 {[%emt 0:00:00]} 13. c3 {[%emt 0:00:00]} O-O {[%emt 0:00:00]} 14. g3 {[%emt 0:00:01]} Rc8 {[%emt 0:00:00]} 15. O-O {[%emt 0:00:01]} e5 {[%emt 0:00:00]} 16. dxe5 {[%emt 0:00:02]} Nxe5 {[%emt 0:00:00]} 17. Bf4 {[%emt 0:00:02]} d4 {[%emt 0:00:02]} 18. cxd4 {[%emt 0:00:02]} Nf3+ {[%emt 0:00:01]} 19. Kg2 {[%emt 0:00:01]} Nh4+ {[%emt 0:00:01]} 20. Kh3 {[%emt 0:00:05]} Bxf4 {[%emt 0:00:01]} 21. Kxh4 {[%emt 0:00:03]} Qf3 {[%emt 0:00:02]} 22. gxf4 {[%emt 0:00:02]} Rc6 {[%emt 0:00:02]} 23. Kg5 {[%emt 0:00:08]} Rh6 {[%emt 0:00:03]} 24. Kf5 {[%emt 0:00:01]} Rh5# {[%emt 0:00:01] (Lag: Av=0.95s, max=1.9s) (Lag: Av=0.95s, max=1.9s) (Lag: Av=0.95s, max=1.9s)} 0-1